LDR 00722naa#a2200181#i#450# 001 EN\\bibl\123227 005 20260701013255.3 011 ## _a2686-9896 100 ## _a20260515b2026####ek#y0engy0150####ca 102 ## _aRU 200 1# _aIMPACT OF VALUE ADDED TAX ON CHOICE TAX SYSTEMS FOR SMALL ENTITIES ENTREPRENEURSHIP _eJournal article 210 1# _aAngarsk _cFederal State Funded Educational Establishment of Higher Education «Angarsk State Technical University» _d2026 215 ## _a1 с. 608 ## _aJournal article _2local 675 ## _aУправление предприятиями. Организация и техника торговли. 658 _z 700 #1 _aZarubina _gYuliya Vladimirovna 700 #1 _a _g 856 4# _aangtu.editorum.ru _u